characters of merlin - Statistics

General Stats
  • This quiz has been taken 467 times
  • The average score is 23 of 92
Answer Stats
Hint Answer % Correct
arthur pendragon
99%
merlin
98%
uther pendragon
96%
lady morgana pendragon
95%
gwinevere
92%
gaius
90%
lancelot
89%
gwaine
86%
percival
82%
leon
80%
elyan
75%
mordred
75%
morgause
70%
freya
63%
agravaine
55%
cenred
49%
hunith
45%
N nimueh
43%
balinor
39%
Y ygraine pendragon
36%
K kilgharrah
35%
vivian
29%
alice
28%
catrina
28%
mithian
28%
tom
28%
W william
26%
tristan de bois
25%
king odin
23%
cedric
22%
sophia
22%
alator
21%
V valiant
21%
elena
20%
I isolde
20%
alined
19%
G geoffrey
17%
helios
17%
jonas
17%
dragoon
16%
george
15%
gilli
15%
H helen of mora
15%
kara
15%
anhora
14%
annis
14%
sefa
12%
aredian
11%
fisher king
11%
grunhilda
11%
the great dragon
11%
B bayard
10%
the dolma
10%
aulfric
9%
sir owain
9%
cornelius sigan
8%
P pellinor
8%
ruadan
8%
vivienne
8%
ewan
7%
M mary collins
7%
finna
6%
king olaf
6%
myror
6%
tauren
6%
audrey
5%
C caerleon
5%
drea
5%
gorlois
5%
hengist
5%
kanen
5%
T taliesin
5%
beroun
4%
dochraid
4%
E edwin muirden
4%
J julius borden
4%
osgar
4%
king rodor
3%
S sarrum
3%
sidhe elder
3%
cailleach
2%
D daegel
2%
emris
2%
evan
2%
R ragnor
2%
william of daira
2%
A aglaine
1%
cerdan
1%
dragon lord
1%
F ferry man
1%
gleeman
1%
O orn
1%
No matching quizzes found
Score Distribution
Percent of People with Each Score
Percentile by Number Answered
Your Score History
You have not taken this quiz